000 00673nam a2200229 a 4500
001 50425
003 BD-RjUL
005 20211209075515.0
008 160827s1959 enk||||| |||| 00| 0 eng d
035 _a(BD-RjUL)50545
040 _aBD-RjUL
_beng
_cBD-RjUL
_dBD-RjUL
041 _aeng
082 _223
_a512.32
_bARG 1959
100 1 0 _aEmil Artin
_9151100
245 1 0 _aGaloissche Theorie /
_cArtin, Emil
260 _aLeipzig :
_bB.G. Teubner,
_c1959
300 _a86 p. ;
_c23 cm.
490 _aMathematisch-naturwissenschaftliche Bibliothek, 28
650 _aGalois theory.
_9151091
856 _3Mathematisch-naturwissenschaftliche Bibliothek, 28
942 _2ddc
_cBK
999 _c50425
_d50425